00496nam a2200169 i 4500001000300000100001900003245004200022260002200064040000800086041000800094080001200102942000700114008004100121999001700162856009800179952004900277bg1 aERMAKOV, S. S. 0aFizika metallov /cS.S. Ermakov. C.1. aLeningrad,c1975. cBPK apol a669.017 cKS s pl f |000 0 pol  c16384d16384 uhttp://koha.tu.koszalin.pl/cgi-bin/koha/opac-detail.pl?biblionumber=16384yKatalog online BPK 00104070aBPKbBPKcwo20084p01708912yKS